| 000 | 00874nam a22002177a 4500 | ||
|---|---|---|---|
| 005 | 20210927201945.0 | ||
| 008 | s2528 th tha d | ||
| 040 | _aNALT | ||
| 041 | _atha | ||
| 090 |
_aอศ _bร468ว 2528 |
||
| 245 | 1 | 0 | _aโวหารกรมพระสวัสดิ์ |
| 260 | 3 |
_aกรุงเทพฯ : _bกรุงสยามการพิมพ์, _c2528 |
|
| 300 |
_a1 เล่ม ; _b26 ซม. |
||
| 650 | 0 | 4 | _aคำพิพากษาฎีกา |
| 650 | 0 | 4 | _aสวัสดิวัตนวิศิษฎ์, สมเด็จพระเจ้าบรมวงศ์เธอ กรมพระ |
| 650 | 0 | 4 | _aสวัสดิวัตนวิศิษฏ์, กรมหลวง |
| 850 | _aNALT | ||
| 856 | 4 | 0 | _uhttps://dl.parliament.go.th/handle/lirt/586241 |
| 942 |
_cCRE _2lcc |
||
| 998 |
_j4612 _k วัลยา พุ่มต้นวงค์ |
||
| 999 |
_c23934 _d23934 |
||